<?xml version="1.0" encoding="utf-8"?>
<?xml-stylesheet type='text/xsl' href='./oai2.xsl'?>
<OAI-PMH xmlns="http://www.openarchives.org/OAI/2.0/" xmlns:xsi="http://www.w3.org/2001/XMLSchema-instance" xsi:schemaLocation="http://www.openarchives.org/OAI/2.0/ http://www.openarchives.org/OAI/2.0/OAI-PMH.xsd">
  <responseDate>2026-06-05T18:23:02Z</responseDate>
  <request verb="GetRecord" metadataPrefix="marcxml" identifier="record_kuniweb_400847">https://kulturerbe.niedersachsen.de/oai</request>
  <GetRecord>
    <record>
      <header>
        <identifier>record_kuniweb_400847</identifier>
        <datestamp>2025-08-28T09:38:22Z</datestamp>
        <setSpec>slg0183</setSpec>
      </header>
      <metadata>
        <marc:record xmlns:marc="http://www.loc.gov/MARC21/slim" xsi:schemaLocation="http://www.loc.gov/MARC21/slim http://www.loc.gov/standards/marcxml/schema/MARC21slim.xsd">
          <marc:leader>12345nkm  22     uu 4500</marc:leader>
          <marc:controlfield tag="001">400847</marc:controlfield>
          <marc:controlfield tag="003">http://kuniweb.gbv.de</marc:controlfield>
          <marc:controlfield tag="005">2022-09-20T15:54:40</marc:controlfield>
          <marc:controlfield tag="008">|           ||||||||||||||||||||||</marc:controlfield>
          <marc:datafield tag="245" ind1="1" ind2="0">
            <marc:subfield code="a">Madonna della Sedia, Kopie nach Raffael</marc:subfield>
          </marc:datafield>
          <marc:datafield tag="720" ind1=" " ind2=" ">
            <marc:subfield code="a">Raffaello &lt;Sanzio&gt;</marc:subfield>
          </marc:datafield>
          <marc:datafield tag="720" ind1=" " ind2=" ">
            <marc:subfield code="a">Johann Baese</marc:subfield>
          </marc:datafield>
          <marc:datafield tag="655" ind1=" " ind2="7">
            <marc:subfield code="a">Malerei</marc:subfield>
          </marc:datafield>
          <marc:datafield tag="046" ind1=" " ind2=" ">
            <marc:subfield code="k">1810</marc:subfield>
            <marc:subfield code="k">zwischen 1810 und 1837 (anhand der Lebensdaten des Künstlers)</marc:subfield>
            <marc:subfield code="l">1837</marc:subfield>
          </marc:datafield>
          <marc:datafield tag="260" ind1=" " ind2=" ">
            <marc:subfield code="g">1810</marc:subfield>
            <marc:subfield code="g">1837</marc:subfield>
            <marc:subfield code="g">zwischen 1810 und 1837 (anhand der Lebensdaten des Künstlers)</marc:subfield>
          </marc:datafield>
          <marc:datafield tag="300" ind1=" " ind2=" ">
            <marc:subfield code="a">Höhe: 72 cm
Breite: 71,7 cm
Höhe: 97,8 cm (Rahmen)
Breite: 92 cm (Rahmen)</marc:subfield>
          </marc:datafield>
          <marc:datafield tag="520" ind1=" " ind2=" ">
            <marc:subfield code="a">Rundbild (Tondo): Madonna della Sedia (Kopie nach Raffael),
Hüftbild der nach rechts sitzenden Madonna im roten Kleid, blauem Rock und grünem Mantel sowie hellem Schleier. Sie hält auf dem Schoß den in ein oranges Gewand gekleideten Jesusknaben; beide blicken zum Betrachter. Rechts am Rand ein anbetender Knabe (Engel, Johannes der Täufer?).
 (Städtisches Museum Braunschweig)

Aufschrift:
auf der Rückseite Mitte: Klebezettel mit rundem Museumsstempel, "Nr. 7, C. Baese, Kopie n. Rafael"

Literatur in Zusammenhang:
M.Slg., S. 4v und 5r; Nagler 1 (1835), S. 224; ThB 2 (1908), S. 349; AKL 6 (1992), S. 257; Merbach 1912, S. 43-45; Richter 2006, Bd. 2, S. 91; Seidler 2003, S. 290 f., S. 406.

Veröffentlicht in:
J. M. Nauhaus, „Die Gemäldesammlung des Städtischen Museums Braunschweig : vollständiges Bestandsverzeichnis und Verlustdokumentation. Die Gemäldesammlung // Städtisches Museum Braunschweig“. Olms, Hildesheim [u.a.], 2009. (S. 34, Nr. 17.)</marc:subfield>
          </marc:datafield>
          <marc:datafield tag="650" ind1="1" ind2=" ">
            <marc:subfield code="a">Malerei</marc:subfield>
          </marc:datafield>
          <marc:datafield tag="650" ind1="1" ind2=" ">
            <marc:subfield code="a">Gemälde</marc:subfield>
          </marc:datafield>
          <marc:datafield tag="650" ind1="1" ind2=" ">
            <marc:subfield code="a">Malerei &gt; Ölbild</marc:subfield>
          </marc:datafield>
          <marc:datafield tag="650" ind1="1" ind2=" ">
            <marc:subfield code="a">Malerei</marc:subfield>
          </marc:datafield>
          <marc:datafield tag="773" ind1="0" ind2=" ">
            <marc:subfield code="t">Sammlung Malerei</marc:subfield>
          </marc:datafield>
          <marc:datafield tag="852" ind1=" " ind2=" ">
            <marc:subfield code="a">Städtisches Museum Braunschweig</marc:subfield>
          </marc:datafield>
          <marc:datafield tag="" ind1=" " ind2=" ">
            <marc:subfield code="a">Namensnennung - Nicht kommerziell - Keine Bearbeitungen 4.0 International (CC BY-NC-ND 4.0)</marc:subfield>
          </marc:datafield>
        </marc:record>
      </metadata>
    </record>
  </GetRecord>
</OAI-PMH>
